000 01531cam a2200445 a 4500
999 _c23256
_d23256
001 vtls010355840
005 20220615112941.0
008 150827s2012 xo dl f 000 0 slo
020 _a9788022533843 (brož.)
035 _aDF30ED0E-DBBE-4790-8676-FC5A4F1C0DD3
035 _aurn:nbn:sk:snk-amjkle
035 _aurn:nbn:sk:snk-am0012gj
040 _aSVKBB
_bslo
_cSVKBB
_dSNK
_eAACR2
041 0 _aslo
044 _axo
_cSK
072 7 _a005
_xManažment. Riadenie
_2konspekt
080 _a331.108.23
_22001
080 _a005.96
_22001
080 _a005.95/.96
_22001
080 _a(048.8)
_22001
080 _a005.94
_22001
100 1 _aHvizdová, Eva
_93093
245 1 0 _aManažment znalostí
_bpersonálne a technologické perspektívy
_cEva Hvizdová, Andrej Miklošík
250 _a1. vyd.
260 _aBratislava
_bEkonóm
_c2012
300 _a150 s.
_bgrafy, sch., tab.
_c30 cm
650 0 7 _aľudské zdroje
_2SNKPH
_93094
650 0 7 _amanažment ľudských zdrojov
_2SNKPH
_93095
650 0 7 _apersonálny manažment
_2SNKPH
_93096
650 0 7 _aznalostný manažment
_2SNKPH
_93097
650 0 7 _aHuman capital
_2SNKPHeng
_93098
650 0 7 _aHuman resources management
_2SNKPHeng
_93099
650 0 7 _aPersonnel management
_2SNKPHeng
_93100
650 0 7 _aKnowledge management
_2SNKPHeng
_93101
655 7 _amonografie
_2SNKPH
_91661
655 7 _aMonographs
_2SNKPHeng
_91662
700 1 _aMiklošík, Andrej,
_d1980-
_4aut
_93102
958 _aNB